000 00217 a2200109 4500
020 _a9789992474464
041 _aspa
100 _aRosa Cerda Canales
245 _aLengua y Literatura 3ro
942 _cBK
952 _71
999 _c21631
_d21631